[Event "BL 8687 Sindelfingen-Bayern"]
[Site "?"]
[Date "1986.??.??"]
[Round "?.1"]
[White "Ribli, Z."]
[Black "Fahnenschmidt, G."]
[Result "1-0"]
[WhiteElo "2585"]
[BlackElo "2340"]
[PlyCount "52"]
[EventDate "1986.??.??"]

1. Nf3 d5 2. d4 Nf6 3. c4 e6 4. g3 c5 5. cxd5 exd5 6. Bg2 Nc6 7. O-O Be7 8. Nc3
O-O 9. Bg5 cxd4 10. Nxd4 h6 11. Be3 Re8 12. Qb3 Na5 13. Qc2 Bf8 14. Rad1 Bg4
15. Nb3 Rc8 16. h3 Bh5 17. Nxa5 Qxa5 18. g4 Bg6 19. Qb3 Qa6 20. Bd4 Be4 21. e3
Rc4 22. Nxe4 Nxe4 23. Qd3 Qc6 24. Rfe1 a6 25. f3 Nc5 26. Qf5 g6 1-0

[Event "BL 8687 Sindelfingen-Bayern"]
[Site "?"]
[Date "1986.??.??"]
[Round "?.2"]
[White "Eppinger, G."]
[Black "Kindermann, S."]
[Result "1/2-1/2"]
[WhiteElo "2335"]
[BlackElo "2485"]
[PlyCount "47"]
[EventDate "1986.??.??"]

1. e4 c5 2. Nf3 e6 3. c3 d5 4. exd5 exd5 5. d4 Nc6 6. Be2 Bd6 7. dxc5 Bxc5 8.
O-O Nge7 9. Nbd2 O-O 10. Nb3 Bb6 11. Nbd4 Nxd4 12. Nxd4 Nf5 13. Nxf5 Bxf5 14.
Bf3 Be4 15. Re1 Qf6 16. Be3 Rad8 17. Bxe4 dxe4 18. Qc2 Rfe8 19. Rad1 h6 20.
Rxd8 Qxd8 21. Bxb6 Qxb6 22. Rxe4 Rxe4 23. Qxe4 Qxb2 24. g3 1/2-1/2

[Event "BL 8687 Sindelfingen-Bayern"]
[Site "?"]
[Date "1986.??.??"]
[Round "?.3"]
[White "Bischoff, K."]
[Black "Kabisch, T."]
[Result "1-0"]
[WhiteElo "2495"]
[BlackElo "2270"]
[PlyCount "89"]
[EventDate "1986.??.??"]

1. d4 Nf6 2. c4 g6 3. Nc3 Bg7 4. e4 d6 5. Bg5 O-O 6. h3 Nbd7 7. Nf3 h6 8. Be3
e5 9. d5 Nc5 10. Nd2 a5 11. Be2 Nh7 12. Nb3 Nd7 13. Qd2 h5 14. O-O-O h4 15. Kb1
a4 16. Nc1 f5 17. f3 b6 18. Nd3 Nc5 19. Rhf1 Bd7 20. Rde1 Qe7 21. Bd1 f4 22.
Bf2 g5 23. Nb4 Qe8 24. Nc2 Nb7 25. Na3 Nf6 26. Nab5 Qb8 27. Bxa4 Rc8 28. b4 Bf8
29. Bb3 Be8 30. Rc1 Bf7 31. Rfd1 Kg7 32. Qb2 Nd8 33. Na3 c5 34. dxc6 Nxc6 35.
Nc2 Na7 36. Nd5 Bxd5 37. cxd5 Nb5 38. Rd3 Qc7 39. Be1 Nd7 40. a4 Nd4 41. Nxd4
Qxc1+ 42. Qxc1 Rxc1+ 43. Kxc1 exd4 44. Bf2 Ne5 45. Bxd4 1-0

[Event "BL 8687 Sindelfingen-Bayern"]
[Site "?"]
[Date "1986.??.??"]
[Round "?.4"]
[White "Bialas, W."]
[Black "Hecht, H."]
[Result "1/2-1/2"]
[WhiteElo "2345"]
[BlackElo "2455"]
[PlyCount "68"]
[EventDate "1986.??.??"]

1. g3 e5 2. Bg2 Nf6 3. d3 d5 4. Nd2 c6 5. b3 Bd6 6. Bb2 O-O 7. Ngf3 Re8 8. e4
Nbd7 9. O-O a5 10. a4 Qc7 11. Nh4 dxe4 12. dxe4 b5 13. Re1 Bc5 14. Qf3 bxa4 15.
Nf5 g6 16. Ne3 axb3 17. cxb3 Nh5 18. Ndc4 Nb6 19. Rxa5 Rxa5 20. Nxa5 Na4 21.
bxa4 Qxa5 22. Rc1 Bxe3 23. Qxe3 Qxa4 24. f4 exf4 25. gxf4 Qb4 26. Be5 f6 27.
Bc3 Qe7 28. e5 fxe5 29. Bxc6 exf4 30. Qd4 Qe3+ 31. Qxe3 Rxe3 32. Bd4 Re7 33.
Bd5+ Be6 34. Bf3 Kf7 1/2-1/2

[Event "BL 8687 Sindelfingen-Bayern"]
[Site "?"]
[Date "1986.??.??"]
[Round "?.5"]
[White "Hertneck, G."]
[Black "Gruenenwald, J."]
[Result "1-0"]
[WhiteElo "2440"]
[BlackElo "2290"]
[PlyCount "55"]
[EventDate "1986.??.??"]

1. d4 Nf6 2. Nf3 g6 3. Bg5 Bg7 4. e3 d6 5. Nbd2 h6 6. Bh4 g5 7. Bg3 Nh5 8. Bd3
e6 9. c3 f5 10. Qb3 Qe7 11. O-O-O b6 12. h3 Bb7 13. Bh2 Nf6 14. Qc2 Nbd7 15. e4
fxe4 16. Nxe4 O-O-O 17. Rhe1 Nd5 18. Qa4 Kb8 19. Ba6 Rhf8 20. c4 Nf4 21. Re3
Nxg2 22. Bxb7 Kxb7 23. Ra3 a5 24. b4 d5 25. c5 dxe4 26. c6+ Ka6 27. Bxc7 Ra8
28. Qxa5+ 1-0

[Event "BL 8687 Sindelfingen-Bayern"]
[Site "?"]
[Date "1986.??.??"]
[Round "?.6"]
[White "Bauer, P."]
[Black "Hickl, J."]
[Result "0-1"]
[WhiteElo "2310"]
[BlackElo "2430"]
[PlyCount "102"]
[EventDate "1986.??.??"]

1. e4 c6 2. d4 d5 3. Nd2 dxe4 4. Nxe4 Nf6 5. Nxf6+ gxf6 6. c3 Qc7 7. g3 h5 8.
Nf3 Bg4 9. Bg2 Nd7 10. O-O h4 11. Qd3 hxg3 12. fxg3 e6 13. Bf4 Bd6 14. Bxd6
Qxd6 15. Nh4 f5 16. Rae1 O-O-O 17. Qe3 Rdg8 18. c4 Bh3 19. Qf4 Qxf4 20. Rxf4
Bxg2 21. Nxg2 Nf6 22. Ne3 Rg5 23. Re2 Rd8 24. Rd2 c5 25. d5 Nh5 26. Rf3 f4 27.
Nf1 e5 28. Re2 Rdg8 29. Kf2 f6 30. a3 Rg4 31. b3 Kd7 32. Re1 Re8 33. h3 Rgg8
34. g4 e4 35. Rc3 Ng7 36. b4 Kd6 37. bxc5+ Kxc5 38. Rb1 Re7 39. Rcb3 b6 40. Ke2
Ne8 41. Rb5+ Kd6 42. Nd2 Nc7 43. R5b3 Na6 44. Rf1 Ke5 45. Rbb1 Nc5 46. Nb3 Rh7
47. Rh1 Rgh8 48. Nxc5 bxc5 49. Rb5 Kd4 50. Ra5 f3+ 51. Kf2 Rxh3 0-1

[Event "BL 8687 Sindelfingen-Bayern"]
[Site "?"]
[Date "1986.??.??"]
[Round "?.7"]
[White "Klundt, K."]
[Black "Marian, R."]
[Result "0-1"]
[WhiteElo "2375"]
[BlackElo "2285"]
[PlyCount "82"]
[EventDate "1986.??.??"]

1. e4 c5 2. Nf3 d6 3. d4 cxd4 4. Nxd4 Nf6 5. Nc3 Nc6 6. Bc4 Bd7 7. O-O g6 8. h3
Bg7 9. Be3 Na5 10. Bd3 Rc8 11. Qe2 a6 12. Rad1 O-O 13. f4 Nh5 14. Qf2 Nc4 15.
Bxc4 Rxc4 16. Nde2 b5 17. a3 a5 18. Bb6 Qa8 19. e5 b4 20. axb4 axb4 21. Nd5
Rxc2 22. Qf3 Kh8 23. Nd4 Rxb2 24. Nxe7 Qb8 25. Nd5 Be6 26. Nxe6 fxe6 27. Bd4
Rc2 28. Qb3 Re2 29. Qd3 Ra2 30. Nf6 Qa8 31. Rd2 Rxd2 32. Qxd2 Nxf6 33. exf6
Bxf6 34. Qxb4 Qd5 35. Rd1 Bxd4+ 36. Rxd4 Qc5 37. Qxc5 dxc5 38. Rc4 Kg7 39. Kf2
e5 40. Rxc5 Rxf4+ 41. Ke3 Rf5 0-1

[Event "BL 8687 Solingen-Enger"]
[Site "?"]
[Date "1986.??.??"]
[Round "?.1"]
[White "Gruen, G."]
[Black "Huebner, R."]
[Result "1/2-1/2"]
[WhiteElo "2410"]
[BlackElo "2620"]
[PlyCount "79"]
[EventDate "1986.??.??"]

1. d4 d5 2. Nf3 Nf6 3. g3 Bf5 4. Bg2 e6 5. O-O c5 6. c4 dxc4 7. Na3 Nc6 8. Ne5
Be4 9. Bxe4 Nxe4 10. Nxc6 bxc6 11. Qc2 Qd5 12. dxc5 c3 13. Be3 Be7 14. Rad1 Qf5
15. bxc3 O-O 16. Rd4 Nxc5 17. Qxf5 exf5 18. Rc4 Nd7 19. Ra4 Nb6 20. Ra6 Rfd8
21. Rb1 g6 22. Nc2 c5 23. Rb5 Bf8 24. a4 Nd5 25. Rb7 Nxc3 26. a5 Nxe2+ 27. Kf1
Nd4 28. Nxd4 cxd4 29. Bd2 Bc5 30. Rf6 Rab8 31. Rc7 Rbc8 32. Rfxf7 Rxc7 33. Rxc7
Rd5 34. Bh6 Bb4 35. Rg7+ Kh8 36. Rxa7 Rd8 37. Bg5 Rd5 38. Bh6 Rd8 39. Bg5 Rd5
40. Bh6 1/2-1/2

[Event "BL 8687 Solingen-Enger"]
[Site "?"]
[Date "1986.??.??"]
[Round "?.2"]
[White "Short, N."]
[Black "Fleck, J."]
[Result "1-0"]
[WhiteElo "2615"]
[BlackElo "2390"]
[PlyCount "75"]
[EventDate "1986.??.??"]

1. e4 c5 2. Nf3 d6 3. d4 cxd4 4. Nxd4 Nf6 5. Nc3 g6 6. Be3 Bg7 7. f3 O-O 8. Bc4
Nc6 9. Qd2 Bd7 10. O-O-O Rc8 11. Bb3 Ne5 12. h4 h5 13. Bh6 Nc4 14. Bxc4 Rxc4
15. Bxg7 Kxg7 16. Kb1 Qa5 17. Nb3 Qc7 18. g4 hxg4 19. h5 gxf3 20. Rdg1 Rg8 21.
hxg6 fxg6 22. Nd5 Qd8 23. Nd4 e6 24. Nf4 Kf7 25. Nxf3 Nxe4 26. Rh7+ Ke8 27. Qd3
Nc3+ 28. bxc3 Qb6+ 29. Kc1 Rxf4 30. Rxg6 Rgf8 31. Rgg7 Rxf3 32. Re7+ Kd8 33.
Rxd7+ Kc8 34. Qc4+ Kb8 35. Qb4 Ka8 36. Rxb7 Rf1+ 37. Kb2 Rb8 38. Qxb6 1-0

[Event "BL 8687 Solingen-Enger"]
[Site "?"]
[Date "1986.??.??"]
[Round "?.3"]
[White "Stertenbrink, G."]
[Black "Spassky, B."]
[Result "1/2-1/2"]
[WhiteElo "2225"]
[BlackElo "2620"]
[PlyCount "101"]
[EventDate "1986.??.??"]

1. e4 e5 2. Nf3 Nc6 3. Nc3 g6 4. d4 exd4 5. Nxd4 Bg7 6. Be3 Nge7 7. Qd2 d6 8.
O-O-O O-O 9. h4 h5 10. f3 Nxd4 11. Bxd4 Bxd4 12. Qxd4 Nc6 13. Qd2 Be6 14. Be2
Qf6 15. f4 Rae8 16. f5 gxf5 17. Bxh5 f4 18. Rdf1 Qe5 19. Be2 Nd4 20. Bd3 c5 21.
Qxf4 c4 22. Qxe5 dxe5 23. Be2 b5 24. Bh5 Kg7 25. Ne2 Rh8 26. Bf3 b4 27. Nxd4
exd4 28. Rd1 Rd8 29. c3 dxc3 30. bxc3 a5 31. Rxd8 Rxd8 32. Rd1 Rb8 33. Kb2 Rh8
34. h5 Rb8 35. Rd6 bxc3+ 36. Kxc3 Rb4 37. Bd1 Rb1 38. Kc2 Rb5 39. Rc6 Re5 40.
Bf3 Rb5 41. Ra6 c3 42. Kxc3 Bxa2 43. Be2 Rg5 44. g4 Be6 45. Kd4 Kh7 46. e5 Bxg4
47. Bd3+ Bf5 48. Rxa5 Bxd3 49. Kxd3 Rxh5 50. Ke4 Kg7 51. Ra1 1/2-1/2

[Event "BL 8687 Solingen-Enger"]
[Site "?"]
[Date "1986.??.??"]
[Round "?.4"]
[White "Lobron, E."]
[Black "Schlaugat, M."]
[Result "1-0"]
[WhiteElo "2515"]
[BlackElo "2245"]
[PlyCount "37"]
[EventDate "1986.??.??"]

1. e4 e6 2. d3 d5 3. Nd2 Nf6 4. Ngf3 Be7 5. g3 c5 6. Bg2 Nc6 7. O-O O-O 8. Re1
dxe4 9. dxe4 e5 10. c3 b5 11. a4 b4 12. Qc2 Ba6 13. Bf1 Bxf1 14. Nxf1 c4 15.
Bg5 bxc3 16. Bxf6 cxb2 17. Rad1 Nd4 18. Nxd4 Bxf6 19. Ne6 1-0

[Event "BL 8687 Solingen-Enger"]
[Site "?"]
[Date "1986.??.??"]
[Round "?.5"]
[White "Groenegress, W."]
[Black "Lau, R."]
[Result "0-1"]
[WhiteElo "2215"]
[BlackElo "2455"]
[PlyCount "70"]
[EventDate "1986.??.??"]

1. e4 c5 2. Nc3 a6 3. g3 b5 4. Bg2 Bb7 5. Nge2 e6 6. O-O Qc7 7. d3 Nf6 8. h3
Nc6 9. Be3 b4 10. Na4 d6 11. c3 bxc3 12. Naxc3 Be7 13. d4 cxd4 14. Nxd4 Nxd4
15. Qxd4 O-O 16. Rac1 Qb8 17. Rfd1 Bc6 18. Qb6 Qxb6 19. Bxb6 Rfc8 20. Bd4 Nd7
21. b3 Kf8 22. Ne2 Bb7 23. Bb2 Nc5 24. e5 Bxg2 25. Kxg2 d5 26. Rc2 Nxb3 27.
Rxc8+ Rxc8 28. axb3 Rc2 29. Rc1 Rxb2 30. Rc8+ Bd8 31. Nd4 Ke7 32. Rc6 Rd2 33.
Nf3 Ra2 34. Nd4 Kd7 35. Kf3 Bc7 0-1

[Event "BL 8687 Bochum-Porz"]
[Site "?"]
[Date "1986.??.??"]
[Round "?.2"]
[White "Thesing, M."]
[Black "Heinbuch, D."]
[Result "1-0"]
[WhiteElo "2290"]
[BlackElo "2425"]
[PlyCount "187"]
[EventDate "1986.??.??"]

1. e4 c5 2. Nc3 Nc6 3. Nge2 d6 4. d4 cxd4 5. Nxd4 Nf6 6. Be3 Ng4 7. Bg5 Qb6 8.
Bb5 Bd7 9. O-O Qxd4 10. Bxc6 Qxd1 11. Bxd7+ Kxd7 12. Raxd1 h6 13. Bc1 e6 14. f3
Ne5 15. f4 Nc6 16. Nb5 Rd8 17. Be3 a6 18. Nxd6 Bxd6 19. e5 Kc7 20. exd6+ Kd7
21. c4 Rc8 22. b3 b5 23. Bb6 bxc4 24. bxc4 Rb8 25. c5 Nb4 26. f5 e5 27. a3 Nc6
28. Kf2 Nd4 29. Ke3 Kc6 30. Ke4 f6 31. Rd3 Rb7 32. a4 Rhb8 33. a5 Rd7 34. Rb1
Rdb7 35. Re1 Re8 36. Rb1 Reb8 37. Rd2 Rd7 38. Rb4 Nb5 39. Rd3 Rbb7 40. Rdb3 Rb8
41. Rc4 Rdb7 42. Rc1 Rd7 43. Rd3 Nd4 44. Rcd1 Nb5 45. Re3 Re8 46. Rd2 Nd4 47.
Rg3 Rb8 48. Rg6 Nb3 49. Rc2 Nd4 50. Rb2 Rf7 51. Rg3 Rd7 52. Rd2 Rf7 53. Re3 Re8
54. g4 Rd7 55. Bc7 Nb5 56. Rb3 Ra8 57. Ra2 Ra7 58. Bb6 Nd4 59. Rb4 Ra8 60. Kd3
Nb5 61. Kc4 Rb7 62. Rb3 Nd4 63. Rd3 Nb5 64. Rb2 Rd7 65. Rdb3 Nd4 66. Bc7 Nxb3
67. Rxb3 Rxc7 68. Rb6+ Kd7 69. dxc7 Kxc7 70. Re6 Rd8 71. Rxa6 Rd4+ 72. Kb5 Rxg4
73. Ra7+ Kb8 74. Re7 Rg2 75. a6 Rb2+ 76. Kc6 Rxh2 77. Rb7+ Ka8 78. Rxg7 e4 79.
Re7 Re2 80. Kd5 e3 81. Kd4 Re1 82. Rxe3 Rd1+ 83. Kc4 Ka7 84. Kb5 Rb1+ 85. Kc6
Rf1 86. Kd6 Kxa6 87. Ra3+ Kb5 88. c6 Rd1+ 89. Kc7 Rc1 90. Rb3+ Kc4 91. Rb2 Kd5
92. Rb5+ Ke4 93. Kb6 h5 94. c7 1-0

[Event "BL 8687 Bochum-Porz"]
[Site "?"]
[Date "1986.??.??"]
[Round "?.4"]
[White "Beckemeyer, W."]
[Black "Dresen, U."]
[Result "1-0"]
[WhiteElo "2315"]
[BlackElo "2360"]
[PlyCount "105"]
[EventDate "1986.??.??"]

1. e4 g6 2. d4 c6 3. Nc3 d5 4. h3 Bg7 5. Nf3 Nf6 6. Bd3 dxe4 7. Nxe4 Nxe4 8.
Bxe4 O-O 9. O-O Nd7 10. Re1 c5 11. c3 cxd4 12. Nxd4 Nc5 13. Bc2 e5 14. Nb3 Nxb3
15. Qxd8 Rxd8 16. Bxb3 Re8 17. Be3 Be6 18. Red1 f5 19. f3 Kf7 20. Rd7+ Re7 21.
Rad1 Bxb3 22. axb3 Ke8 23. R7d5 b6 24. Bg5 Rb7 25. g4 f4 26. c4 Rc8 27. Kf1 h6
28. Bh4 g5 29. Be1 e4 30. fxe4 Bxb2 31. e5 a5 32. Bf2 Ba3 33. Ke2 Bc5 34. Be1
Ke7 35. Kf3 Ke6 36. Bc3 Be7 37. Ra1 Bc5 38. Ke4 Be7 39. Bd4 Bb4 40. Rb5 Rcb8
41. Bf2 Be7 42. Rd1 Bb4 43. Rh1 Rd7 44. h4 Rd2 45. Bxb6 Re2+ 46. Kf3 Rb2 47.
hxg5 Rxb3+ 48. Ke4 hxg5 49. Rh6+ Kf7 50. e6+ Kg7 51. Bd4+ Kxh6 52. Rxb8 Kg6 53.
e7 1-0

[Event "BL 8687 Bochum-Porz"]
[Site "?"]
[Date "1986.??.??"]
[Round "?.5"]
[White "Gerusel, M."]
[Black "Backwinkel, P."]
[Result "1/2-1/2"]
[WhiteElo "2390"]
[BlackElo "2345"]
[PlyCount "60"]
[EventDate "1986.??.??"]

1. d4 d5 2. c4 e6 3. Nc3 c6 4. Nf3 f5 5. g3 Nf6 6. Bg2 Bd6 7. Bf4 Bxf4 8. gxf4
Ne4 9. Qc2 O-O 10. e3 Nd7 11. O-O Qe7 12. Ne2 b6 13. Ne5 Nxe5 14. fxe5 Ba6 15.
f3 Ng5 16. b3 Rac8 17. Rfc1 Nf7 18. Qb2 Nh8 19. Nf4 Ng6 20. Nxg6 hxg6 21. f4 g5
22. Rc3 Bb7 23. cxd5 cxd5 24. Rac1 gxf4 25. Rxc8 Rxc8 26. Rxc8+ Bxc8 27. Qc3
Ba6 28. exf4 Qh4 29. Qg3 Qe7 30. Qc3 Qh4 1/2-1/2

[Event "BL 8687 Bochum-Porz"]
[Site "?"]
[Date "1986.??.??"]
[Round "?.7"]
[White "Garcia Palermo, C."]
[Black "Roeder, M."]
[Result "1-0"]
[WhiteElo "2515"]
[BlackElo "2280"]
[PlyCount "63"]
[EventDate "1986.??.??"]

1. d4 Nf6 2. c4 e6 3. Nc3 Bb4 4. e3 b6 5. Nge2 Ba6 6. a3 Bxc3+ 7. Nxc3 d5 8. b3
Nc6 9. Be2 O-O 10. a4 dxc4 11. bxc4 e5 12. d5 Na5 13. Ba3 c5 14. dxc6 Re8 15.
Nb5 Qc8 16. Nd6 Qxc6 17. Nxe8 Rxe8 18. O-O Bxc4 19. Rc1 Bxe2 20. Qxe2 Qxa4 21.
Bb2 b5 22. f4 Nc4 23. fxe5 Nd7 24. e6 Rxe6 25. Bxg7 Kxg7 26. Qg4+ Rg6 27. Qxd7
Ne5 28. Qd5 f6 29. Rc7+ Kh6 30. Qb7 a5 31. Rxh7+ Kg5 32. h4+ 1-0

[Event "BL 8687 Enger-Bochum"]
[Site "?"]
[Date "1986.??.??"]
[Round "?.2"]
[White "Fleck, J."]
[Black "Thesing, M."]
[Result "1/2-1/2"]
[WhiteElo "2390"]
[BlackElo "2290"]
[PlyCount "29"]
[EventDate "1986.??.??"]

1. e4 e6 2. d4 d5 3. Nc3 Nc6 4. Nf3 Nf6 5. exd5 exd5 6. Bb5 Bb4 7. O-O O-O 8.
Ne2 Ne7 9. c3 Bd6 10. Bf4 c6 11. Bd3 Bf5 12. Bxd6 Qxd6 13. Ng3 Bxd3 14. Qxd3
Rae8 15. Rfe1 1/2-1/2

[Event "BL 8687 Enger-Bochum"]
[Site "?"]
[Date "1986.??.??"]
[Round "?.3"]
[White "Sonntag, H."]
[Black "Stertenbrink, G."]
[Result "0-1"]
[WhiteElo "2295"]
[BlackElo "2225"]
[PlyCount "104"]
[EventDate "1986.??.??"]

1. d4 Nf6 2. c4 e6 3. Nc3 Bb4 4. e3 O-O 5. Bd3 d5 6. Nf3 c5 7. O-O Nc6 8. a3
Bxc3 9. bxc3 dxc4 10. Bxc4 Qc7 11. Qe2 e5 12. h3 e4 13. Nd2 Na5 14. Ba2 Bd7 15.
Bb2 c4 16. f3 Rae8 17. fxe4 Nxe4 18. Nxe4 Rxe4 19. Rae1 f5 20. Bb1 Ree8 21. e4
Qd6 22. e5 Qd5 23. a4 g6 24. Bc2 b6 25. Rf4 Rf7 26. Ba3 Nb7 27. Ref1 Nd8 28.
R4f2 Bc6 29. Kh2 Ne6 30. Bb4 Ng5 31. h4 Ne6 32. Ra1 Ng7 33. a5 b5 34. Raf1 Nh5
35. Qd2 Qd8 36. Qg5 Qxg5 37. hxg5 f4 38. Re1 Ng7 39. Be4 Bxe4 40. Rxe4 Ne6 41.
Bd6 a6 42. Kg1 f3 43. Rxf3 Rxf3 44. gxf3 Nxg5 45. Re3 Nh3+ 46. Kf1 Nf4 47. Re1
Kf7 48. Bb4 Ke6 49. Rd1 h5 50. Kf2 Nd5 51. Rg1 Kf5 52. Rh1 Rd8 0-1

[Event "BL 8687 Enger-Bochum"]
[Site "?"]
[Date "1986.??.??"]
[Round "?.4"]
[White "Pieper Emden, C."]
[Black "Beckemeyer, W."]
[Result "1/2-1/2"]
[WhiteElo "2335"]
[BlackElo "2315"]
[PlyCount "100"]
[EventDate "1986.??.??"]

1. d4 Nf6 2. c4 g6 3. Nc3 Bg7 4. e4 d6 5. f3 O-O 6. Be3 b6 7. Nge2 c5 8. d5 e6
9. Nf4 e5 10. Nd3 Ne8 11. Qd2 f5 12. Be2 Nd7 13. O-O-O Ndf6 14. Rdg1 a6 15. g4
f4 16. Bf2 b5 17. Ne1 Nc7 18. b3 Bd7 19. Nd3 Rb8 20. Nb2 Na8 21. Kc2 Qe8 22.
Ra1 Nb6 23. a4 bxa4 24. Nbxa4 Nxa4 25. Nxa4 Bxg4 26. Nb2 Bc8 27. Nd3 Rf7 28. h4
Rfb7 29. b4 cxb4 30. Kb3 Rc7 31. Rhc1 Bf8 32. c5 dxc5 33. Nxc5 Nd7 34. Nxa6
Rc3+ 35. Kb2 Bxa6 36. Rxa6 Bc5 37. Bc4 Bxf2 38. Qxf2 Rxc1 39. Kxc1 Rc8 40. Rc6
Nb8 41. Qc5 Nxc6 42. dxc6+ Kg7 43. Bd5 b3 44. Kb2 Rc7 45. Kxb3 Qe7 46. Kc4 Qxh4
47. Be6 Qe7 48. Qxe5+ Kh6 49. Qxf4+ g5 50. Qh2+ Kg7 1/2-1/2

[Event "BL 8687 Enger-Bochum"]
[Site "?"]
[Date "1986.??.??"]
[Round "?.6"]
[White "Schlaugat, M."]
[Black "Wiemer, R."]
[Result "0-1"]
[WhiteElo "2245"]
[BlackElo "2325"]
[PlyCount "96"]
[EventDate "1986.??.??"]

1. d4 Nf6 2. Bg5 e6 3. c3 h6 4. Bh4 b6 5. e3 Bb7 6. Nf3 d6 7. Bb5+ Nbd7 8. Bxf6
gxf6 9. Qa4 a6 10. Bxd7+ Qxd7 11. Qxd7+ Kxd7 12. Nbd2 f5 13. Ke2 Be7 14. Rhd1
Bf6 15. Rac1 Ke7 16. g3 Rac8 17. Ne1 c5 18. Nd3 Rc7 19. dxc5 bxc5 20. c4 Bc6
21. Nb1 Rb8 22. Rd2 a5 23. Nc3 a4 24. Nd1 Rcb7 25. Nc3 Rb6 26. Rcc2 e5 27. Nd1
R6b7 28. Nc1 h5 29. Nd3 h4 30. Ne1 hxg3 31. hxg3 Be4 32. Nd3 f4 33. gxf4 exf4
34. exf4 Bd4 35. Nc3 Bc6 36. Nd1 Kf6 37. Ne3 Re8 38. Kf1 Bf3 39. Ne1 Be4 40.
Nd3 Rh8 41. Ke2 Rhb8 42. Nd1 Re7 43. Ne3 Rh8 44. Rc1 Rh3 45. Ne1 Bf5 46. N1g2
Rh2 47. Kf1 Rh1+ 48. Ke2 Rxc1 0-1

[Event "BL 8687 Enger-Bochum"]
[Site "?"]
[Date "1986.??.??"]
[Round "?.7"]
[White "Roeder, M."]
[Black "Groenegress, W."]
[Result "1/2-1/2"]
[WhiteElo "2280"]
[BlackElo "2215"]
[PlyCount "101"]
[EventDate "1986.??.??"]

1. d4 d5 2. c4 c6 3. Nc3 e6 4. e3 f5 5. f4 Nf6 6. Nf3 Be7 7. Be2 O-O 8. O-O Ne4
9. Bd2 Nd7 10. Rb1 a5 11. a3 b6 12. b4 axb4 13. axb4 Bb7 14. Qb3 Ndf6 15. Ra1
Qc7 16. Rfc1 Rxa1 17. Rxa1 Ra8 18. Rxa8+ Bxa8 19. Qa4 Qb8 20. c5 Nxc3 21. Bxc3
Ne4 22. Be1 b5 23. Qa3 Bb7 24. Bh4 Bxh4 25. Nxh4 Qa8 26. Qb2 Bc8 27. Nf3 Bd7
28. Ne5 Be8 29. Bf3 Nf6 30. h3 Nd7 31. Nd3 Nf6 32. Ne5 Nd7 33. Nd3 Nf6 34. Nf2
Bg6 35. Kh2 Qa4 36. Bd1 Qa8 37. Bf3 Qa4 38. Bd1 Qa8 39. Bc2 Bh5 40. Nd3 Nd7 41.
Nf2 Nf6 42. Nd3 Nd7 43. Nc1 h6 44. Nb3 Nf6 45. Na5 Kf8 46. Bd3 Ke7 47. Qf2 Kf8
48. Qh4 Kg8 49. Kg1 Bd1 50. Kf2 Bh5 51. Ke1 1/2-1/2

[Event "BL 8687 Porz-Solingen"]
[Site "?"]
[Date "1986.??.??"]
[Round "?.2"]
[White "Hort, V."]
[Black "Short, N."]
[Result "1-0"]
[WhiteElo "2545"]
[BlackElo "2615"]
[PlyCount "109"]
[EventDate "1986.??.??"]

1. e4 e5 2. Nf3 Nf6 3. d4 Nxe4 4. Bd3 d5 5. Nxe5 Nd7 6. Qe2 Nxe5 7. Bxe4 dxe4
8. Qxe4 Be6 9. Qxe5 Qd7 10. Be3 O-O-O 11. Qa5 Qc6 12. Nc3 b6 13. Qa6+ Kb8 14.
Nb5 Bc4 15. a4 Bb4+ 16. c3 Bd6 17. Qxa7+ Kc8 18. O-O-O Qxg2 19. d5 Bxd5 20.
Rhg1 Qxh2 21. a5 bxa5 22. Qxa5 Kb7 23. Qa7+ Kc8 24. Qa6+ Bb7 25. Na7+ Kb8 26.
Qb5 Rde8 27. Rxg7 Rxe3 28. Nc6+ Kc8 29. fxe3 Qf2 30. Ne7+ Kb8 31. Nc6+ Kc8 32.
Ne7+ Kb8 33. Nf5 h5 34. Rxf7 Bh2 35. Qxb7+ Kxb7 36. Nd6+ Bxd6 37. Rxf2 h4 38.
Rh1 h3 39. Kd2 h2 40. Ke2 Kc6 41. Rf4 Bxf4 42. exf4 Rh3 43. Kf2 Kd5 44. Kg2 Rd3
45. Kxh2 Rd2+ 46. Kg3 Rxb2 47. Re1 c5 48. f5 Rd2 49. Re3 Kc4 50. Kf4 Rf2+ 51.
Ke5 Kb3 52. f6 c4 53. Ke6 Kc2 54. f7 Kd2 55. Rg3 1-0

[Event "BL 8687 Porz-Solingen"]
[Site "?"]
[Date "1986.??.??"]
[Round "?.4"]
[White "Schulz, KJ."]
[Black "Lobron, E."]
[Result "1/2-1/2"]
[WhiteElo "2440"]
[BlackElo "2515"]
[PlyCount "150"]
[EventDate "1986.??.??"]

1. e4 c6 2. d4 d5 3. Nc3 dxe4 4. Nxe4 Nd7 5. Nf3 Ngf6 6. Ng3 e6 7. Be2 Bd6 8.
O-O Qc7 9. Re1 O-O 10. c3 b6 11. Nd2 Bf4 12. Nc4 Bxc1 13. Rxc1 Bb7 14. Rc2 c5
15. Rd2 Rad8 16. Bf1 b5 17. Na3 a6 18. Nc2 g6 19. Qe2 h5 20. f3 h4 21. Ne4 Nxe4
22. fxe4 cxd4 23. cxd4 Nf6 24. Qf3 Qe7 25. Qf4 Nh5 26. Qh6 Rd7 27. Rf2 Rc8 28.
Re3 Qf8 29. Qg5 Qd8 30. Qh6 Rcc7 31. Ne1 Qf8 32. Qxf8+ Kxf8 33. Nf3 Kg7 34. Rd2
Nf6 35. e5 Ng4 36. Re1 h3 37. gxh3 Nh6 38. Kf2 Nf5 39. Red1 Rd8 40. Ng1 b4 41.
Ne2 a5 42. Ng3 Nh4 43. Be2 a4 44. Bg4 Bd5 45. a3 Bb3 46. Rg1 bxa3 47. bxa3 Rc3
48. Ne4 Rc2 49. Rxc2 Bxc2 50. Nd6 Rb8 51. Rc1 Rb2 52. Ke3 g5 53. d5 exd5 54.
Kd4 Ra2 55. Nb5 Nf5+ 56. Kxd5 Bd3 57. Nd6 Ne7+ 58. Kd4 Rxa3 59. Rc7 Kf8 60. Bh5
Bb1 61. Bxf7 Rd3+ 62. Kc5 a3 63. Bc4 Re3 64. e6 Re5+ 65. Kb6 Rd5 66. Nc8 a2 67.
Bxa2 Bxa2 68. Rxe7 Rd6+ 69. Nxd6 Kxe7 70. Ne4 Kxe6 71. Nxg5+ Kf5 72. Nf3 Bd5
73. Ng1 Kg5 74. Kc5 Bg2 75. Kd4 Kh4 1/2-1/2

[Event "BL 8687 Porz-Solingen"]
[Site "?"]
[Date "1986.??.??"]
[Round "?.5"]
[White "Lau, R."]
[Black "Dresen, U."]
[Result "1-0"]
[WhiteElo "2455"]
[BlackElo "2360"]
[PlyCount "81"]
[EventDate "1986.??.??"]

1. e4 g6 2. d4 c6 3. Nc3 d5 4. h3 Bg7 5. Nf3 Nf6 6. e5 Nfd7 7. Bd3 Nf8 8. Ne2
Na6 9. c3 Nc7 10. Be3 Nfe6 11. Qd2 h5 12. Nh4 Bf8 13. O-O Ng7 14. Ng3 e6 15.
Bg5 Be7 16. Nf3 Nf5 17. Ne2 h4 18. Kh2 Bxg5 19. Nxg5 Bd7 20. g4 hxg3+ 21. fxg3
Qe7 22. g4 Nh6 23. Nxf7 Nxf7 24. Bxg6 O-O-O 25. Bxf7 Rdf8 26. Bh5 Qh4 27. Ng3
c5 28. Rxf8+ Rxf8 29. Rf1 Rxf1 30. Nxf1 cxd4 31. cxd4 a5 32. Ng3 b6 33. a3 a4
34. Qf4 Nb5 35. Qf6 Qxf6 36. exf6 Kd8 37. g5 Be8 38. g6 Bxg6 39. Bxg6 Nxd4 40.
Kg2 e5 41. Bf7 1-0

[Event "BL 8687 Porz-Solingen"]
[Site "?"]
[Date "1986.??.??"]
[Round "?.6"]
[White "Gerusel, M."]
[Black "Ostermeyer, P."]
[Result "1/2-1/2"]
[WhiteElo "2390"]
[BlackElo "2455"]
[PlyCount "31"]
[EventDate "1986.??.??"]

1. c4 e5 2. Nc3 Nf6 3. Nf3 Nc6 4. d3 d5 5. cxd5 Nxd5 6. g3 Be7 7. Bg2 Nb6 8.
O-O O-O 9. a3 Be6 10. b4 f6 11. Bb2 Qd7 12. Ne4 Rfd8 13. Qc2 a6 14. Rfd1 Bh3
15. Bh1 Qe6 16. Rac1 1/2-1/2

[Event "BL 8687 Porz-Solingen"]
[Site "?"]
[Date "1986.??.??"]
[Round "?.8"]
[White "Garcia Palermo, C."]
[Black "Dueball, J."]
[Result "1-0"]
[WhiteElo "2515"]
[BlackElo "2445"]
[PlyCount "65"]
[EventDate "1986.??.??"]

1. d4 Nf6 2. c4 g6 3. Nc3 Bg7 4. e4 d6 5. f4 c5 6. dxc5 Qa5 7. Bd3 Qxc5 8. Nf3
Nc6 9. Qe2 Bg4 10. Be3 Qh5 11. O-O Nd7 12. Qf2 Nc5 13. Bc2 Bxf3 14. gxf3 O-O
15. Rad1 Rac8 16. e5 Ne6 17. exd6 exd6 18. Ne4 Nb4 19. Nxd6 Nxc2 20. Nxc8 Nxe3
21. Ne7+ Kh8 22. Qxe3 Nxf4 23. Qxf4 Qc5+ 24. Kh1 Qxe7 25. Rfe1 Qc5 26. Re2 b5
27. Rd5 Qxc4 28. Qxc4 bxc4 29. Rc5 Rb8 30. Rxc4 Bxb2 31. Rc7 a5 32. Rxf7 a4 33.
Rfe7 1-0

[Event "BL 8687 HSK-Enger"]
[Site "?"]
[Date "1986.??.??"]
[Round "?.2"]
[White "Chandler, M."]
[Black "Fleck, J."]
[Result "1-0"]
[WhiteElo "2565"]
[BlackElo "2390"]
[PlyCount "75"]
[EventDate "1986.??.??"]

1. e4 c5 2. Nf3 d6 3. d4 cxd4 4. Nxd4 Nf6 5. Nc3 g6 6. Bc4 Bg7 7. Be3 O-O 8.
O-O Nc6 9. h3 Bd7 10. Bb3 Rc8 11. Re1 a6 12. Qd2 b5 13. a3 Na5 14. Bh6 Nc4 15.
Bxc4 Rxc4 16. Bxg7 Kxg7 17. Rad1 Qa8 18. Nd5 Nxd5 19. exd5 Re8 20. Ne2 Qa7 21.
c3 a5 22. Ng3 b4 23. axb4 axb4 24. cxb4 Qb7 25. Re4 Rxe4 26. Nxe4 Rc8 27. Qd4+
Kg8 28. Re1 Ba4 29. Nd2 Be8 30. Nc4 Rb8 31. Re4 f5 32. Na5 Qc7 33. Re3 Bf7 34.
Nc6 Re8 35. b5 e5 36. dxe6 Bxe6 37. Qf6 Qd7 38. h4 1-0